000 00808nam a22002177a 4500
999 _c941
_d941
003 AR-CdUCM
008 190225b ||||| |||| 00| 0 spa d
040 _aMUNICIPALIDAD PROVINCIAL DEL CUSCO
_cBIBLIOTECA MUNICIPAL DEL CUSCO
082 _a869.03 /
_bR77
100 _aRoggero, Cecilia de
_93643
245 _aGarabatos /
260 _aLima :
_bArica,
300 _a91 páginas ;
_bdibujos,
_c21 cm.
505 _aContenido: ¿qué sere? -- Mamá está en la luna -- Arroz con leche me quiero cazar -- Una curita me hubiera curado -- La canasta roja -- El canillita -- Carta para Lorenzo ...
650 _aLibros de lectura
_93644
650 _aEducación inicial
_93463
650 _aLiteratura infantil
_9588
700 _aPérez Rosas, Constanza (dibujos)
_93645
942 _2ddc
_cLIBROS
945 _azta